| 000 | 00670nam a2200181Ia 4500 | ||
|---|---|---|---|
| 008 | 090630s9999 xx 000 0 und d | ||
| 082 | _b14170 | ||
| 100 | _aरावजी आशु - कानडे दिनू. | ||
| 245 |
_aअपुर्वा. _cरावजी आशु - कानडे दिनू. |
||
| 260 |
_bडॉल्फीन - गोवा. _c1987 |
||
| 300 | _a189 | ||
| 600 | _aरावजी आशु - कानडे दिनू. | ||
| 630 | _aअपुर्वा. | ||
| 655 | _aकादंबरी. | ||
| 700 | _aरावजी आशु - कानडे दिनू. | ||
| 730 | _aअपुर्वा. | ||
| 942 | _cBOOK | ||
| 999 |
_c266026 _d266026 |
||